Faculty of Law Library — Cairo University

Official Online Catalog

French administrative law. (Record no. 44116)

MARC details
000 -LEADER
fixed length control field 01333pac a2200361 i 4500
003 - CONTROL NUMBER IDENTIFIER
control field EG-GICUC
005 - DATE AND TIME OF LATEST TRANSACTION
control field 20260121101238.0
008 - FIXED-LENGTH DATA ELEMENTS--GENERAL INFORMATION
fixed length control field 920708s1993 enka frb 001 0 eng d
020 ## - INTERNATIONAL STANDARD BOOK NUMBER
International Standard Book Number 0198252900
Qualifying information acid-free paper
020 ## - INTERNATIONAL STANDARD BOOK NUMBER
International Standard Book Number 9780198252900
Qualifying information (acid-free paper)
040 ## - CATALOGING SOURCE
Original cataloging agency DLC
Transcribing agency DLC
Modifying agency DLC
-- EG-GICUC
Language of cataloging eng
Description conventions rda
043 ## - GEOGRAPHIC AREA CODE
Geographic area code e-fr---
050 00 - LIBRARY OF CONGRESS CALL NUMBER
Classification number KJV4669
Item number .B76 1993
082 00 - DEWEY DECIMAL CLASSIFICATION NUMBER
Classification number 345.044
Edition number 21
092 04 - LOCALLY ASSIGNED DEWEY CALL NUMBER (OCLC)
Edition number 21
099 ## - LOCAL FREE-TEXT CALL NUMBER (OCLC)
Classification number Law 07 1993
100 1# - MAIN ENTRY--PERSONAL NAME
Personal name Brown, L. Neville
Fuller form of name (Lionel Neville),
Dates associated with a name 1923-2008.
245 10 - TITLE STATEMENT
Title French administrative law.
250 ## - EDITION STATEMENT
Edition statement 4th ed.ition /
Remainder of edition statement L. Neville Brown, John S. Bell with the assistance of Jean-Michel Galabert.
264 ## - PRODUCTION, PUBLICATION, DISTRIBUTION, MANUFACTURE, AND COPYRIGHT NOTICE
Place of production, publication, distribution, manufacture Oxford :
Name of producer, publisher, distributor, manufacturer Clarendon Press ;
Place of production, publication, distribution, manufacture New York :
Name of producer, publisher, distributor, manufacturer Oxford University Press,
Date of production, publication, distribution, manufacture, or copyright notice 1993.
300 ## - PHYSICAL DESCRIPTION
Extent xxv, 333 page :
Other physical details illustrations ;
Dimensions 22 cm.
336 ## - CONTENT TYPE
Content type term text
Content type code txt
Source rdacontent
337 ## - MEDIA TYPE
Media type term unmediated
Media type code n
Source rdamedia
338 ## - CARRIER TYPE
Carrier type term volume
Carrier type code nc
Source rdacarrier
504 ## - BIBLIOGRAPHY, ETC. NOTE
Bibliography, etc. note Includes bibliographical references (p. [319]-322) and index.
650 #0 - SUBJECT ADDED ENTRY--TOPICAL TERM
Topical term or geographic name entry element Administrative law
Geographic subdivision France.
700 1# - ADDED ENTRY--PERSONAL NAME
Personal name Bell, John,
Dates associated with a name 1953-
700 1# - ADDED ENTRY--PERSONAL NAME
Personal name Galabert, Jean-Michel.
856 42 - ELECTRONIC LOCATION AND ACCESS
Uniform Resource Identifier <a href="https://fll.law.cu.edu.eg/fulltext/bks/ENGB07-00081.pdf">https://fll.law.cu.edu.eg/fulltext/bks/ENGB07-00081.pdf</a>
856 42 - ELECTRONIC LOCATION AND ACCESS
Materials specified Publisher description
Uniform Resource Identifier <a href="http://www.loc.gov/catdir/enhancements/fy0638/92027365-d.html">http://www.loc.gov/catdir/enhancements/fy0638/92027365-d.html</a>
905 ## - Cataloger and Reviser Names
Cataloger Name: Hend El khosy
942 ## - ADDED ENTRY ELEMENTS (KOHA)
Source of classification or shelving scheme Dewey Decimal Classification
Koha item type Books
Edition 21
Suppress in OPAC No
Holdings
Withdrawn status Lost status Source of classification or shelving scheme Damaged status Not for loan Collection Home library Current library Date acquired Total checkouts Full call number Barcode Date last seen Copy number Price effective from Koha item type Public note
    Dewey Decimal Classification     القانون الإداري جــــامعة القــاهرة مكتبة كلية الحقوق - فـرع الشيخ زايد 18.11.2025   Law2 07 345.044 BR . F 4 ed - 1993 0700081 C1 ENGB07-00081 18.11.2025 1 18.11.2025 Books 1859

© All rights reserved — Faculty of Law, Cairo University